Miasto do opisu - Statystyki

Ogólne statystyki
  • Ten quiz został rozwiązany 107 razy
  • Średni wynik to 10 z 15
Statystyki odpowiedzi
Hint Odpowiedź % Poprawnych
Sekwana, Pola Elizejskie, Luwr Paryż
99%
Check Point Charlie, Brama Brandeburska, Reichstag Berlin
97%
Plac Bankowy, Łazienki Królewskie, Pałac Kultury i Nauki Warszawa
94%
Kapitol, Biały Dom, park National Mall Waszyngton
90%
Plac Czerwony, Kreml, Teatr Bolszoj Moskwa
89%
Greenpoint, Trump Tower, Empire State Building Nowy Jork
89%
Tamiza, Hyde Park, Double Decker Bus Londyn
87%
Łuk Hadriana, Akropol, Agora Ateny
84%
Pole Marsowe, Circus Maximus, Forum Romanum Rzym
74%
Maracana, Copacabana, fawele Rio de Janeiro
71%
La Scala, Zamek Sforzów, park Sempione Mediolan
41%
Brama Słońca, Gran Via, Plaza Mayor Madryt
28%
Pałac Kŭmsusan, Wieża Idei Dżucze, Ludowy Pałac Kultury Pjongjang
17%
Phoenix Park, Guinness Storehouse, Custom House Dublin
15%
CN Tower, Scotiabank Arena, Dundas Square Toronto
11%
Nie znaleziono quizów pasujących do podanych kryteriów
Rozkład punktacji
Procent ludzi z każdym wynikiem
Percentyl według liczby udzielonych odpowiedzi
Twoja historia wyników
Nie rozwiązałeś tego quizu